№ 3; Мир нефтепродуктов; Вестник нефтяных компаний

Bibliografiske detaljer
Parent link:Мир нефтепродуктов.— , 2001-
Вестник нефтяных компаний: журнал. № 3
Sprog:russisk
Udgivet: 2005
Format: Bog
KOHA link:https://koha.lib.tpu.ru/cgi-bin/koha/opac-detail.pl?biblionumber=397664

MARC

LEADER 00000nam2a2200000 4500
001 397664
005 20231101064925.0
035 |a (RuTPU)RU\TPU\prd\36896 
090 |a 397664 
100 |a 20050628a20019999k y0rusy50 ca 
101 0 |a rus 
102 |a RU 
200 0 |a № 3 
210 |d 2005 
461 1 |0 (RuTPU)RU\TPU\prd\1153  |t Мир нефтепродуктов  |d 2001- 
461 |t Вестник нефтяных компаний  |o журнал  |v № 3 
801 0 |a RU  |b 63413507  |c 20010227  |g PSBO 
801 1 |a RU  |b 63413507  |c 20050628  |g PSBO 
801 2 |a RU  |b 63413507  |c 20110519  |g RCR 
942 |c BK 
999 |a НТБ_ТПУ  |b НФ  |e -1/20050104  |p П-9264  |s 10/20040924  |u 0,00  |v 1